Statistics for 日本銀行券の肖像画になった人物

Click here to take the quiz!

General Stats

  • This quiz has been taken 3 times
  • The average score is 23 of 40

Answer Stats

HintAnswer% Correct
一万円券(C号券)聖徳太子
100%
五千円券(C号券)聖徳太子
100%
五千円券(D号券)新渡戸稲造
100%
五千円券(E号券)樋口一葉
100%
千円券(B号券)聖徳太子
100%
千円券(C号券)伊藤博文
100%
一万円券(D号券)福沢諭吉
100%
千円券(E号券)野口英世
100%
A百圓券聖徳太子
100%
ろ百圓券聖徳太子
100%
い百圓券聖徳太子
100%
乙百圓券聖徳太子
100%
十円券(丙号券)和気清麻呂
50%
十円券(乙号券)和気清麻呂
50%
五円券(乙号券)菅原道真
50%
十円券(い号券)和気清麻呂
50%
十円券(ろ号券)和気清麻呂
50%
改造五円券菅原道真
50%
改造十円券和気清麻呂
50%
五円券(丁号券)菅原道真
50%
五円券(い号券)菅原道真
50%
五円券(ろ号券)菅原道真
50%
十円券(甲号券)和気清麻呂
50%
B百圓券板垣退助
50%
二十円券(乙号券)藤原鎌足
50%
二十円券(甲号券)菅原道真
50%
五十円券(B号券)高橋是清
50%
甲百圓券藤原鎌足
50%
改造百圓券藤原鎌足
50%
二百円券(丁号券)藤原鎌足
50%
五百円券(C号券)岩倉具視
50%
五百円券(B号券)岩倉具視
50%
千円券(D号券)夏目漱石
50%
二百円券(丙号券)武内宿禰
0%
五円券(甲号券)武内宿禰
0%
五円券(丙号券)武内宿禰
0%
千円券(甲号券)日本武尊
0%
改造一円券武内宿禰
0%
一円券(い号券)武内宿禰
0%
一円券(A号券)二宮尊徳
0%

Score Distribution

Percentile by Number Answered

Percent of People with Each Score

Your Score History

You have not taken this quiz